4616-宮崎市(宮崎県)の駅 - Statistics

General Stats
  • This quiz has been taken 13 times
  • The average score is 14 of 21
Answer Stats
Answer % Correct
宮崎
100%
南宮崎
100%
宮崎空港
100%
宮崎神宮
92%
田吉
85%
佐土原
77%
清武
77%
日向住吉
69%
蓮ヶ池
69%
運動公園
69%
子供の国
69%
青島
69%
加納
62%
日向沓掛
54%
田野
54%
南方
54%
木花
54%
内海
54%
曽山寺
46%
折生迫
46%
小内海
46%
No matching quizzes found
Score Distribution
Percent of People with Each Score
Percentile by Number Answered
Your Score History
You have not taken this quiz